000 00946cam a2200265 4500
001 ABS63452
008 000000n2001 000 0 eng u
035 _a(Sirsi) u110704
100 _aDearle, J.
245 _aTrustee Act 2000
260 _c2001
490 _aSolicitors' Journal
_v145(2) 19 January 2001, 32-33(2)
520 _aAn overview of the provisions of the Trustee Act 2000, which came into effect on 1 February 2001. Discusses the practical implications of: the duty of care imposed by the Act; the new general power of investment; the new general power for acquisition of land; the delegation of trustees' powers; and the remuneration of trustees.
590 _aABS
650 _aACQUISITION OF LAND
650 _aDELEGATION
650 _aDUTY OF CARE
650 _aREMUNERATION
650 _aTRUST FUNDS
650 _aTRUSTEES
650 _aTRUSTS
650 _aTRUSTEE ACT 2000
690 _aLAW
942 _n0
999 _c65975
_d65975